000 00667nab a2200193 4500
001 244442
003 OSt
005 20250324090247.0
007 tu
008 200917s2020|||||||
040 _aDE-2950
_cDE-2950
245 0 0 _aFrankfurts Tafel freut sich über Geldsegen für neues Gefährt
_bBenefit. Dank einer großzügigen Spende der Deutschen Fernsehlotterie rollen die Lebensmittelretter nun mit einem Kühltransporter an/
_cRené Matschkowiak
264 _c2024
653 _aFrankfurt (Oder)
653 _aFrankfurter Tafel
653 _aSpende
773 0 _g36. Jahrgang (2025) Nr. 62 vom 14.03.2025, S. 16 mit Foto
_tMärkische Oderzeitung
942 _2z
_cA
999 _c373650
_d373650